000 00429nam a2200193Ia 4500
008 170918s9999 xx 000 0 und d
020 _a9780439042925
050 _bA759 1997
100 _aArnold, Tedd
245 _aParts /
245 _cby Tedd Arnold.
260 _aNew York :
260 _bScholastic,
260 _c1997
300 _aunpaged :
300 _bchiefly colored ;
300 _c24cm.
500 _a400
999 _c342956
_d342956